Football Players Careers - Tile Select - Statistics

General Stats
  • This quiz has been taken 153 times
  • The average score is 44 of 54
Answer Stats
Question Tile Select % Correct
clubs Mohamed Salah has ever played for Manchester City No
99%
clubs Mohamed Salah has ever played for Liverpool FC Yes
98%
clubs Mohamed Salah has ever played for Red Bull Salzburg No
98%
clubs Mohamed Salah has ever played for Southampton No
97%
clubs Mohamed Salah has ever played for AS Roma Yes
96%
clubs Mohamed Salah has ever played for Hellas Verona No
96%
clubs Romelu Lukaku ever played for Chelsea FC Yes
93%
clubs Romelu Lukaku ever played for Leicester City No
93%
clubs Romelu Lukaku ever played for Liverpool FC No
93%
Zlatan Ibrahimović ever played for Real Madrid No
92%
Zlatan Ibrahimović ever played for AC Milan Yes
91%
Gareth Bale has ever played for Al Hilal No
91%
Arjen Robben has ever played for Atlético Madrid No
91%
clubs Mohamed Salah has ever played for Chelsea FC Yes
91%
Gareth Bale has ever played for Chelsea FC No
91%
Kevin De Bruyne ever played for Kortrijk No
91%
Kevin De Bruyne ever played for Liverpool FC No
91%
Kevin De Bruyne ever played for Manchester City Yes
91%
Gareth Bale has ever played for Manchester United No
91%
Gareth Bale has ever played for Real Madrid Yes
91%
clubs Romelu Lukaku ever played for Inter Milan Yes
89%
Zlatan Ibrahimović ever played for Paris Saint-Germain Yes
89%
Arjen Robben has ever played for Bayern München Yes
88%
Arjen Robben has ever played for Liverpool FC No
88%
Gareth Bale has ever played for Tottenham Hotspur Yes
88%
Kevin De Bruyne ever played for Vitesse Arnhem No
88%
Zlatan Ibrahimović ever played for FC Barcelona Yes
87%
clubs Romelu Lukaku ever played for Manchester United Yes
87%
clubs Romelu Lukaku ever played for Club Brugge No
85%
Kevin De Bruyne ever played for FC Schalke 04 No
85%
Zlatan Ibrahimović ever played for Manchester United Yes
85%
Zlatan Ibrahimović ever played for Inter Miami No
84%
Kevin De Bruyne ever played for VfL Wolfsburg Yes
84%
Zlatan Ibrahimović ever played for AFC Ajax Yes
82%
clubs Romelu Lukaku ever played for Everton FC Yes
82%
Zlatan Ibrahimović ever played for Inter Milan Yes
81%
Kevin De Bruyne ever played for Chelsea FC Yes
79%
Gareth Bale has ever played for Swansea No
78%
clubs Mohamed Salah has ever played for Al Ahly No
76%
Arjen Robben has ever played for SC Heerenveen No
76%
Gareth Bale has ever played for LA Galaxy No
74%
clubs Mohamed Salah has ever played for FC Basel Yes
73%
Arjen Robben has ever played for AFC Ajax No
71%
Kevin De Bruyne ever played for KRC Genk Yes
71%
Arjen Robben has ever played for Real Madrid Yes
70%
Arjen Robben has ever played for Chelsea FC Yes
69%
clubs Romelu Lukaku ever played for RSC Anderlecht Yes
67%
Zlatan Ibrahimović ever played for Juventus Yes
65%
Gareth Bale has ever played for LAFC Yes
62%
Arjen Robben has ever played for FC Groningen Yes
61%
Gareth Bale has ever played for Southampton Yes
51%
clubs Romelu Lukaku ever played for West Bromwich Albion Yes
51%
Arjen Robben has ever played for PSV Eindhoven Yes
38%
Kevin De Bruyne ever played for Werder Bremen Yes
32%
No matching quizzes found
Score Distribution
Percent of People with Each Score
Percentile by Number Answered
Your Score History
You have not taken this quiz